History Quiz

Random History or Century Quiz
Score 0/10 Timer 03:00
0 Plays Today
% Correct
1990s Mandela released from prison
91.9%
1940s Yalta Conference
85.7%
1910s World War I
81.9%
1970s Iranian Revolution
80.6%
1920s Black Tuesday
80.3%
1930s Hindenburg Disaster
77.1%
1980s Live Aid
76.9%
1960s Berlin Wall Construction
73.4%
1900s Eight-Nation Alliance
73.2%
1950s Cuban Revolution
57.1%
Remove Ads.
Support Sporcle.
Get the best of Sporcle when you Go Orange. This ad-free experience offers more features, more stats, and more fun while also helping to support Sporcle. Thank you for becoming a member.

You're not logged in!

Compare scores with friends on all Sporcle quizzes.
OR
Log In

Show Comments

Extras

Top Quizzes Today


Score Distribution

Your Account Isn't Verified!

In order to create a playlist on Sporcle, you need to verify the email address you used during registration. Go to your Sporcle Settings to finish the process.

Report this User

Report this user for behavior that violates our Community Guidelines.

Details: